Which countries border which? Part 6 - Statistics

General Stats
  • This quiz has been taken 27 times
  • The average score is 9 of 10
Answer Stats
Neighbors Country % Correct
IranSyria Jordan Saudi Arabia Turkey Iraq
100%
FranceSwitzerland Austria Slovenia Vatican City San Marino Italy
96%
South Africa Lesotho
96%
USABelize Guatemala Mexico
96%
United Arab EmiratesYemen Oman
96%
IranIndia Afghanistan China Pakistan
96%
Saudi Arabia Qatar
96%
Haiti Dominican Republic
92%
The GambiaGuinea-Bissau Guinea Mali Mauritania Senegal
92%
Dem. Rep. Of CongoZambia Namibia Rep. Of The Congo Angola
88%
No matching quizzes found
Score Distribution
Percent of People with Each Score
Percentile by Number Answered
Your Score History
You have not taken this quiz